000 00493nam a2200169Ia 4500
005 20250415140438.0
008 231217s9999 xx 000 0 und d
020 _a9788131702420
082 _a621.380422 PRI;7
100 _aPritchard, Wilbur L. Suyderhoud, Henri G. Nelson, Robert A.
245 0 _aSatellite communication systems engineering
250 _a2nd ed
260 _c1993
_bPearson Education,
_aNew Delhi
300 _a567
650 _aSatellite,communication
942 _cAA
999 _c182201
_d182201